01190nam a2200241 a 4500001000900000005001700009008004100026020003100067040001800098050002400116100003200140245008200172260007200254300004000326500013100366504004100497505021400538600005400752650003400806650004400840700003300884700003100917BRCA_98320190320203230.0870105s1985----mx-a---##c---f000-0#spa-# a9688374040 (Obra completa) aDLCcDLCdDLC 4aND259.C6b.V37 19851 aVargas Lugo de Bosch, Elisa10aJuan Correabsu vida y su obracElisa Vargas Lugo, José Guadalupe Victoria. aMéxicobUNAM, Instituto de Investigaciones Estéticasc1985-1994 a5 v.bil. (algunas a color)c27 cm. aIncluye índice de nombres, índice de lugares, índice de obra pictórica, índice onomástico y lista de ilustraciones aIncluye referencias bibliográficas0 aContenido: v. 2. Catálogo (primera parte). -- v. 2. Catálogo (segunda parte). -- v. 3. Cuerpo de documentos. -- v. 4. Repertorio pictórico (primera parte). -- v. 4. Repertorio pictórico (segunda parte)14aCorrea, Juandca. 1650-1740?xCatálogo razonado14aPintura mexicanaxCatálogos14aPintura colonialxCatálogoszMéxico1 aCorrea, Juandca. 1650-1740?1 aVictoria, José Guadalupe